KARAGÖZ HAYAL PERDESİ (Kayıt no. 1109904)

MARC ayrıntıları
000 -LEADER
sabit uzunluktaki kontrol alanı 00259nam a2200097Ia 4500
001 - KONTROL NUMARASI
kontrol alanı 1109904
005 - EN SON İŞLEMİN TARİH VE ZAMANI
kontrol alanı 20250827003841.0
008 - SABİT-UZUNLUKTA VERİ ÖĞELERİ--GENEL BİLGİ
sabit uzunluktaki kontrol alanı 250824s9999 xx 000 0 und d
245 #0 - ESER / YAZAR
ESER ADI KARAGÖZ HAYAL PERDESİ
Yazar Adı ÜNVER ORAL
260 ## - YAYIN, DAĞITIM, VB.
YAYIN EVİ MİLLİ EĞİTİM BAKANLIĞI
Mevcut
Düşüm durumu Kayıp durumu Hasar Durumu Ödünç verilmez Ana kütüphane Geçerli Kütüphane Edinilen tarih Toplam ödünç verme sayısı Barkod İade tarihi Son görüntüleme tarihi Son ödünç verme tarihi Fiyatın geçerli olmaya başladığı tarih Koha materyal türü
        100. YIL AHMET HAŞHAŞ ORTAOKULU 100. YIL AHMET HAŞHAŞ ORTAOKULU 24.08.2025 1 10035305 26.12.2025 11.12.2025 11.12.2025 27.08.2025 Kitaplar
Gemini Bilgi Teknolojileri A.Ş. tarafından düzenlenmiştir.